Child and adolescent development (Record no. 4685)

MARC details
000 -LEADER
fixed length control field 00634nam a22002057a 4500
003 - CONTROL NUMBER IDENTIFIER
control field OSt
005 - DATE AND TIME OF LATEST TRANSACTION
control field 20251007045347.0
008 - FIXED-LENGTH DATA ELEMENTS--GENERAL INFORMATION
fixed length control field 251007b |||||||| |||| 00| 0 eng d
020 ## - INTERNATIONAL STANDARD BOOK NUMBER
International Standard Book Number 971-0388-65-3.
040 ## - CATALOGING SOURCE
Original cataloging agency DWCL-Main lib
Transcribing agency OC
082 ## - DEWEY DECIMAL CLASSIFICATION NUMBER
Edition number Fil. 305.231 An616c 2009
100 ## - MAIN ENTRY--PERSONAL NAME
Personal name Anoonat, Rosa Dematera
245 ## - TITLE STATEMENT
Title Child and adolescent development
260 ## - PUBLICATION, DISTRIBUTION, ETC.
Place of publication, distribution, etc. Mandaluyong City :
Name of publisher, distributor, etc. Books Atbp. Pub. Co.,
Date of publication, distribution, etc. c2009.
300 ## - PHYSICAL DESCRIPTION
Extent viii, 267 paging :
Other physical details illustration ;
Dimensions 25 cm.
504 ## - BIBLIOGRAPHY, ETC. NOTE
Bibliography, etc. note Includes bibliographical references.
650 ## - SUBJECT ADDED ENTRY--TOPICAL TERM
Source of heading or term 1. Child development.
650 ## - SUBJECT ADDED ENTRY--TOPICAL TERM
Source of heading or term 2. Child-Growth.
942 ## - ADDED ENTRY ELEMENTS (KOHA)
Source of classification or shelving scheme Dewey Decimal Classification
Koha item type Book-Filipiniana
Call number prefix Fil.
Suppress in OPAC No

No items available.